LEADER 03092nam 2200613 450 001 9910830676103321 005 20230109113615.0 010 $a1-280-28595-8 010 $a9786610285952 010 $a0-470-79700-2 010 $a0-470-75484-2 010 $a1-4051-5230-3 035 $a(CKB)1000000000342102 035 $a(EBL)243606 035 $a(OCoLC)276997782 035 $a(SSID)ssj0000183178 035 $a(PQKBManifestationID)11179787 035 $a(PQKBTitleCode)TC0000183178 035 $a(PQKBWorkID)10172875 035 $a(PQKB)10042859 035 $a(MiAaPQ)EBC243606 035 $a(MiAaPQ)EBC7076285 035 $a(Au-PeEL)EBL7076285 035 $a(EXLCZ)991000000000342102 100 $a20230109d2006 uy 0 101 0 $aeng 135 $aur|n|---||||| 181 $ctxt 182 $cc 183 $acr 200 10$aInventing intelligence $ea social history of smart /$fPaul Michael Privateer 210 1$aMalden, Massachusetts :$cBlackwell Pub.,$d[2006] 210 4$d©2006 215 $a1 online resource (282 p.) 300 $aDescription based upon print version of record. 311 $a1-4051-1216-6 320 $aIncludes bibliographical references (pages [248]-260) and index. 327 $aInventing Intelligence: A Social History of Smart; Contents; Acknowledgments; Introduction: The World of Intelligence; Part I The Renaissance Economy of Intelligence; 1 The Pre-Renaissance Tradition of Intelligence; 2 The New Landscape of Smart; 3 The First Smart Economy; 4 Renaissance Intellectual Trends; 5 Renaissance Philosophy and Fabrications of Intelligence: From Montaigne to Hobbes; 6 Smart Renaissance Science; 7 Profitable Knowledge and Intelligence Becomes a Career; 8 Intelligence and Dominant Renaissance Scientists 327 $aPart II Bright Lights, Fallen Apples, and Clinical Gazes: Intelligence and the Enlightenment9 Intelligence and the Enlightenment; 10 Illuminating Enlightenment Intelligence; 11 Enlightenment Insight: Fallen Apples, Social Mathematics, and a New Intelligence; 12 The Clinical Gaze and Human Normalization; Part III Modern and Postmodern Intelligence: Smart Architects, Smart Tools, and Smart Critiques; 13 Smart Architects and Contemporary Intelligence; 14 Smart Tools and Modern Intelligence; 15 Smart Critiques: New Sciences and New Mathematics; Conclusion; Bibliography; Index 330 $aWhat is intelligence? What makes humans homo sapiens - the intelligent species? Inventing Intelligence is a bold deconstruction of the history of intelligence, bringing a cultural studies approach to this fascinating subject for the first time. 606 $aIntellect$xSocial aspects 606 $aIntellect$xHistory 615 0$aIntellect$xSocial aspects. 615 0$aIntellect$xHistory. 676 $a153.909 686 $a77.32$2bcl 700 $aPrivateer$b Paul Michael$f1946-$0897079 801 0$bMiAaPQ 801 1$bMiAaPQ 801 2$bMiAaPQ 906 $aBOOK 912 $a9910830676103321 996 $aInventing intelligence$92004377 997 $aUNINA LEADER 02372nas 2200589-a 450 001 996418350103316 005 20240413030035.0 035 $a(CKB)991042736700756 035 $a(CONSER)cn-83030144- 035 $a(EXLCZ)99991042736700756 100 $a19830406b19791987 --- a 101 0 $aeng 181 $ctxt$2rdacontent 182 $cc$2rdamedia 183 $acr$2rdacarrier 200 00$aBritish Columbia Labour Relations Board decisions 210 $aVancouver $cWestern Legal Publications$d1979-1987 215 $a1 online resource 300 $aIn binder. 300 $aTitle from binder. 300 $a"Providing a digesting service, by subject, to all formal decisions and letter decisions of the Labour Relations Board of British Columbia." 311 08$aPrint version: British Columbia Labour Relations Board decisions. 0715-5808 (DLC)cn 83030144 (OCoLC)1080771929 531 0 $aB.C. Labour Relat. Board decis. 606 $aLabor disputes$zBritish Columbia$vDigests 606 $aCollective bargaining$zBritish Columbia$vDigests 606 $aLaw reports, digests, etc$zBritish Columbia 606 $aTravail$xConflits$zColombie-Britannique$xRépertoires 606 $aNégociations collectives$zColombie-Britannique$xRépertoires 606 $aJurisprudence$vRecueils, répertoires, etc$zColombie-Britannique 606 $aCollective bargaining$2fast$3(OCoLC)fst00867190 606 $aLabor disputes$2fast$3(OCoLC)fst00989929 606 $aLaw reports, digests, etc$2fast$3(OCoLC)fst00994106 607 $aBritish Columbia$2fast$1https://id.oclc.org/worldcat/entity/E39QbtfRDxqwPWxct46dwcdJ9c 608 $aDigests.$2fast 615 0$aLabor disputes 615 0$aCollective bargaining 615 0$aLaw reports, digests, etc. 615 6$aTravail$xConflits$xRépertoires. 615 6$aNégociations collectives$xRépertoires. 615 6$aJurisprudence 615 7$aCollective bargaining. 615 7$aLabor disputes. 615 7$aLaw reports, digests, etc. 676 $a331.89/09711 686 $acci1icc$2lacc 712 02$aLabour Relations Board of British Columbia. 712 02$aWestern Legal Publications Ltd. 906 $aJOURNAL 912 $a996418350103316 920 $aexl_impl conversion 996 $aBritish Columbia Labour Relations Board decisions$91957864 997 $aUNISA